| 000 | 00000nam##2200000za#4500 |
| 001 | 9.699663 |
| 003 | CaOODSP |
| 005 | 20210625000500 |
| 007 | cr ||||||||||| |
| 008 | 150407|2008||||xxc|||||o f|0| 0 eng|d |
| 040 | |aCaOODSP|beng |
| 043 | |an-cn--- |
| 086 | 1 |aH128-1/08-534E-PDF |
| 110 | 1 |aCanada.|bHealth Canada. |bConsumer Product Safety. |
| 245 | 10|aChildren's car seats and booster cushions - how long are they safe? |h[electronic resource] |
| 260 | |aOttawa - Ontario : |bHealth Canada. |cc2008. |
| 300 | |a1p.|btable, photographs |
| 500 | |aThe catalogue number (H128-1/08-534) and ISBN (978-0-662-05668-3) for the bilingual print edition have been incorrectly copied in this electronic publication. |
| 590 | |a14-14-Supp|b2014-07-24 |
| 690 | 07|aChild safety|2gcpds |
| 690 | 07|aTransport|2gcpds |
| 775 | 08|tPendant combien de temps les sièges d'enfant et les coussins d'appoint sont-ils sécuritaires? |w(CaOODSP)9.643639 |
| 776 | 0#|tChildren's car seats and booster cushions - how long are they safe? |w(CaOODSP)9.670073 |
| 776 | 0#|tPendant combien de temps les sièges d'enfant et les coussins d'appoint sont-ils sécuritaires? |w(CaOODSP)9.670074 |
| 856 | 40|ahttp://publications.gc.ca|qPDF|s479 KB|uhttps://publications.gc.ca/collections/collection_2014/sc-hc/H128-1-08-534-eng.pdf |
| 986 | |aHC Pub. 4443 |